Les 10 armées les plus puissantes du monde - Les plus grandes armées - Statistiques

Statistiques générales
  • Ce quiz a été pris 98 fois
  • Le résultat moyen est 5 sur 10
Answers on the Grid
Answers color-coded by a green-red scale on the quiz's grid according to % correct below.
Chine
Inde
Égypte
Corée du Sud
Israël
Japon
Iran
États-Unis
Royaume-Uni
Australie
Pologne
France
Taïwan
Russie
Ukraine
Turquie
Espagne
Italie
Vietnam
Arabie saoudite
 
Statistiques - réponses
Réponse % Correct
Chine
88%
États-Unis
84%
Russie
74%
France
61%
Inde
57%
Royaume-Uni
53%
Turquie
28%
Japon
27%
Corée du Sud
26%
Italie
12%
Aucun quiz correspondant
Distribution des résultats
% des personnes avec chaque résultat
Percentile par nombre de réponses
Votre historique - résultats
Vous n’avez pas pris ce quiz